000 01675nam a2200421Ia 4500
001 ebr10532371
003 CaPaEBR
006 m u
007 cr cn|||||||||
008 080507s2009 ilua sb s001 0 eng d
010 _z 2008019217
020 _z0252033906
020 _z9780252033902
020 _z9780252092961
040 _aCaPaEBR
_cCaPaEBR
035 _a(OCoLC)785781218
050 1 4 _aE441
_b.W89 2009eb
082 0 4 _a306.3/62
_222
100 1 _aWoolfork, Lisa,
_d1970-
245 1 0 _aEmbodying American slavery in contemporary culture
_h[electronic resource] /
_cLisa Woolfork.
260 _aUrbana :
_bUniversity of Illinois Press,
_cc2009.
300 _axi, 233 p. :
_bill.
504 _aIncludes bibliographical references (p. [211]-221) and index.
533 _aElectronic reproduction.
_bPalo Alto, Calif. :
_cebrary,
_d2011.
_nAvailable via World Wide Web.
_nAccess may be limited to ebrary affiliated libraries.
650 0 _aSlavery
_xSocial aspects
_zUnited States.
650 0 _aSlavery
_zUnited States
_xPsychological aspects.
650 0 _aPsychic trauma
_xSocial aspects
_zUnited States.
650 0 _aPopular culture
_zUnited States.
650 0 _aHuman body in popular culture.
650 0 _aSlavery in literature.
650 0 _aSlavery in motion pictures.
650 0 _aHistorical reenactments
_zUnited States.
651 0 _aUnited States
_xIntellectual life.
651 0 _aUnited States
_xSocial conditions
_y1980-
655 7 _aElectronic books.
_2local
710 2 _aebrary, Inc.
856 4 0 _uhttp://site.ebrary.com/lib/rucke/Doc?id=10532371
_zAn electronic book accessible through the World Wide Web; click to view
999 _c147840
_d147840